Diccionario de matemática moderna

שמור ב:
מידע ביבליוגרפי
מחבר ראשי: Maravall Casesnoves, Darío (autor)
פורמט: ספר
שפה:ספרדית
יצא לאור: Madrid Nacional 1975
סדרה:Ritmo Universitario
נושאים:
תגים: הוספת תג
אין תגיות, היה/י הראשונ/ה לתייג את הרשומה!

MARC

LEADER 00000nam a2200000 a 4500
001 UCO4961
003 CL-VaPUC
008 000825e19750000SP |||||||||||||||||spa|d
082 0 4 |a 510.3  |b MAR  |2 21 
100 |a Maravall Casesnoves, Darío  |e autor  |9 566188 
245 1 0 |a Diccionario de matemática moderna 
300 |a 333 p 
942 |c BK 
945 |d 20000825 00:00:00  |a crobeson 
260 |a Madrid  |b Nacional  |c 1975 
650 0 |a Matemática  |9 260235 
650 0 |a Diccionarios  |9 256200 
650 0 |a Álgebra  |9 259567 
650 0 |a Topología   |9 260092 
583 |a last modification  |c 20000825 00:00:00  |k Rodrigo Vera 
490 0 |a Ritmo Universitario 
999 |c 290920  |d 290918 
952 |0 0  |1 0  |4 0  |6 510_300000000000000_MAR_1975  |7 0  |8 X  |9 340547  |a BIBART  |b BIBART  |d 2019-11-20  |i 1217410  |o 510.3 MAR 1975  |p 1217410  |r 2025-03-13  |w 2019-11-20  |y BK_X  |k ART